000 00655nam a2200229Ia 4500
003 OSt
005 20230523105045.0
008 210423s2014 xx 000 0 und d
020 _a978-93-5056-229-1
040 _cAL
041 _aeng
082 _a664.7 SHRT
100 _aSHRIVASTAVA (Pradeep);SWARUP (Abha)
_9111025
245 _aTechnology of cereals fruits and vegetables
260 _aNew Delhi
_bDiscovery Publishing House
_c2014
300 _av,314
_bHB
365 _b2500
_cINR
650 _aChemical Engineering
_9111026
650 _aFood Technology
_9111027
906 _acereals ; fruits ; Technology ; vegetables
942 _2ddc
_cBK
999 _c167891
_d167891